[Event "Pula zt"]
[Site "Pula"]
[Date "1975.??.??"]
[Round "?"]
[White "Schmidt, Wlodzimierz"]
[Black "Augustin, Josef"]
[Result "1/2-1/2"]
[WhiteElo "2465"]
[BlackElo "2370"]

1.g3 d5 2.Nf3 Nf6 3.Bg2 c6 4.O-O Bf5 5.b3 Nbd7 6.Bb2 h6 7.d3 e6 8.Nbd2 Bh7
9.c4 Bc5 10.a3 a5 11.Bc3 O-O 12.b4 axb4 13.axb4 Be7 14.Rxa8 Qxa8 15.Qb3 Qb8
16.Qb2 Bd6 17.Bh3 Re8 18.e4 dxe4 19.dxe4 Nxe4 20.Bxg7 Nxd2 21.Nxd2 Be5 22.Bxe5 Qxe5
23.Qc1 Qf6 24.Bg2 Ne5 25.b5  1/2-1/2

[Event "Pula zt"]
[Site "Pula"]
[Date "1975.??.??"]
[Round "?"]
[White "Csom, Istvan"]
[Black "Urzica, Aurel"]
[Result "1-0"]
[WhiteElo "2530"]
[BlackElo "2250"]

1.Nf3 d5 2.g3 c6 3.Bg2 Bg4 4.O-O Nd7 5.d4 e6 6.b3 Bd6 7.Bb2 Ne7 8.Nbd2 O-O
9.c4 f5 10.e3 Qe8 11.Qc1 Rd8 12.Ba3 Nc8 13.Bxd6 Nxd6 14.Qa3 Qe7 15.Ne5 Nxe5
16.dxe5 Nc8 17.Qb2 Nb6 18.Rfc1 dxc4 19.Nxc4 Nxc4 20.Rxc4 Rd3 21.h3 Bd1 22.Rd4 Rd8
23.Rxd8+ Qxd8 24.Qa3 a6 25.Qb4 Qd7 26.Rc1 Be2 27.Rc2 Rd1+ 28.Kh2 Bh5 29.g4 fxg4
30.hxg4 Bg6 31.Rc4 Qd2 32.Qxb7 Qxf2 33.Qc8+ Qf8 34.Qxc6 h6 35.Rf4 Qe7 36.Kg3 a5
37.Qa8+ Kh7 38.Rf8 Bd3 39.Be4+ Bxe4 40.Qxe4+ g6 41.Rf6  1-0

[Event "URS-chT"]
[Site "Riga"]
[Date "1975.??.??"]
[Round "?"]
[White "Chikovani, Iuri"]
[Black "Gorniak, Yury Yurievich"]
[Result "1-0"]
[WhiteElo "2200"]
[BlackElo "2200"]

1.Nf3 d5 2.g3 Nf6 3.Bg2 c6 4.O-O Bf5 5.b3 e6 6.Bb2 h6 7.d3 Be7 8.Nbd2 O-O
9.Re1 a5 10.e4 Bh7 11.a3 a4 12.b4 c5 13.b5 Nbd7 14.c4 dxc4 15.dxc4 Nb6 16.Qe2 Nfd7
17.Rad1 Qc7 18.h4 Rfd8 19.Bh3 Nf8 20.Nf1 Rxd1 21.Rxd1 Rd8 22.Rxd8 Qxd8 23.N1d2 Bf6
24.e5 Bd3 25.Qe3 Be7 26.Bf1 Bxf1 27.Kxf1 Qc7 28.h5 Nh7 29.Ng1 Qd7 30.f4 f5
31.Bc3 Nf8 32.Qf3 g6 33.hxg6 Nxg6 34.Ke2 Kg7 35.Nh3 Bd8 36.Nf2 Be7 37.Nd1 Kh7
38.Ne3 Nc8 39.Qh1 Bd8 40.Nf3 Qe8 41.Qd1 Nb6 42.Ba5 Nf8 43.Bxb6 Bxb6 44.Qxa4 Qd8
45.Qc2 Kg7 46.Qd3 Qxd3+ 47.Kxd3 Bd8 48.Nc2 Kg6 49.Na1 Kh5 50.Nh2 Ba5 51.Ke2 Nd7
52.Nb3 Bc3 53.a4 b6 54.Kf3 Kg6 55.Nf1 Be1 56.Ke2 Bc3 57.Ne3 Kf7 58.Nd1 Bb4
59.Nf2 Kg6 60.Nd3 Bc3 61.Kf2 Kh5 62.Kf3 Kg6 63.Kg2 Kh5 64.Kh3 Kg6 65.Kh4 Kg7
66.Kh5 Kh7 67.Nbc1 Bd2 68.Ne2 Be3 69.Nc3 Bd2 70.a5 bxa5 71.Na4 Bb4 72.b6 Kg7
73.b7 Kf7 74.Naxc5 Nb8 75.Kxh6 Bc3 76.Kg5 Nc6 77.Na6 a4 78.Nc1  1-0

[Event "URS-chT"]
[Site "Riga"]
[Date "1975.??.??"]
[Round "?"]
[White "Dzindzichashvili, Roman"]
[Black "Rytov, Boris"]
[Result "0-1"]
[WhiteElo "2525"]
[BlackElo "2480"]

1.Nf3 d5 2.g3 c6 3.Bg2 Bf5 4.O-O e6 5.d3 Nf6 6.b3 Be7 7.Bb2 O-O 8.Nbd2 h6
9.Re1 a5 10.e4 Bh7 11.e5 Nfd7 12.a3 c5 13.d4 a4 14.c4 dxc4 15.Nxc4 Nb6 16.Nd6 Bxd6
17.exd6 c4 18.d5 c3 19.Bxc3 Nxd5 20.Bb2 Nc6 21.Nd4 Qxd6 22.Nxe6 fxe6 23.Rxe6 Qxe6
24.Bxd5 Qxd5 25.Qxd5+ Rf7 26.bxa4 Rd8 27.Qb3 Rd3 28.Qb6 Be4 29.Re1 Bf3 30.Qc5 Re7
31.Bc3 Rxe1+ 32.Bxe1 Rd1 33.Qe3 Nd4 34.Kf1 Bd5 35.Qe8+ Kh7 36.f4 Nf3 37.Kf2 Rxe1
38.Qh5 Bc6 39.f5 Re7 40.Qg6+ Kg8 41.Qd6 Rd7 42.Qe6+ Kf8 43.f6 Rd2+ 44.Kf1 Nxh2+
45.Ke1 Nf3+ 46.Kf1 gxf6 47.Qxf6+ Ke8 48.Qxh6 Bd5 49.Qe3+ Kd7 50.Qc3 Be4 51.Qg7+ Kd6  0-1

[Event "URS-chT"]
[Site "Riga"]
[Date "1975.??.??"]
[Round "?"]
[White "Seredenko, Vladimir"]
[Black "Levit, Roman"]
[Result "1-0"]
[WhiteElo "2200"]
[BlackElo "2200"]

1.Nf3 d5 2.g3 Nf6 3.Bg2 Bg4 4.h3 Bh5 5.d3 Nbd7 6.O-O e5 7.Nbd2 c6 8.Nh4 Bc5
9.Qe1 O-O 10.Nb3 Bb6 11.e4 dxe4 12.dxe4 Re8 13.Kh1 Nf8 14.a4 N6d7 15.Nf5 Nc5
16.Nxc5 Bxc5 17.b4 Bb6 18.a5 Bc7 19.Be3 a6 20.f3 Qf6 21.Qf2 Bg6 22.Nh4 Rad8
23.Bb6 Qe7 24.Rfd1 Ne6 25.c3 Rxd1+ 26.Rxd1 Rd8 27.Rxd8+ Qxd8 28.Bxc7 Qxc7
29.Qa7 Kf8 30.Bf1 c5 31.Qa8+ Ke7 32.b5 axb5 33.Bxb5 Nd8 34.Ng2 f6 35.Ne3 Bf7
36.Qa7 Be6 37.a6 Kd6 38.Bc4 bxa6 39.Qxa6+ Qc6 40.Qa2 Ke7 41.Qa7+ Kf8 42.Qb8 Ke7
43.Qa7+ Kf8 44.Bd5 Qc8 45.g4 h5 46.Nf5 Qd7 47.Qxc5+ Kg8 48.gxh5 Kh7 49.c4 Bxf5
50.exf5 Kh6 51.Qe3+ Kxh5 52.Qe4 g5 53.h4 Qa7 54.Qg4+ Kh6 55.hxg5+ fxg5 56.Qh3+ Kg7
57.f6+ Kg6 58.Be4+ Kxf6 59.Qh6+ Ke7 60.Qxg5+  1-0

[Event "SWE-ch"]
[Site "?"]
[Date "1975.??.??"]
[Round "?"]
[White "Helmertz, Per Inge"]
[Black "Ek, Hans"]
[Result "0-1"]
[WhiteElo "2245"]
[BlackElo "2345"]

1.Nf3 d5 2.g3 Nf6 3.Bg2 c6 4.O-O Bf5 5.c4 e6 6.cxd5 exd5 7.d3 Be7 8.Qb3 Qb6
9.Qxb6 axb6 10.Nc3 b5 11.Nh4 Be6 12.e3 Na6 13.d4 b4 14.Ne2 O-O 15.Nf4 Nc7
16.Nxe6 fxe6 17.Bh3 g5 18.Bxe6+ Nxe6 19.Nf5 Bd8 20.f3 Ne8 21.g4 N6g7 22.Nh6+ Kh8
23.Bd2 Be7 24.e4 Nc7 25.f4 dxe4 26.fxg5 Nge6 27.Nf5 Nd5 28.Nxe7 Nxe7 29.Bxb4 Rxf1+
30.Rxf1 Nd5 31.Bd6 Kg8  0-1

[Event "Szolnok"]
[Site "Szolnok"]
[Date "1975.??.??"]
[Round "2"]
[White "Bilek, Istvan"]
[Black "Hernandez, Roman"]
[Result "1/2-1/2"]
[WhiteElo "2495"]
[BlackElo "2395"]

1.Nf3 d5 2.g3 c5 3.c4 e6 4.Bg2 Nc6 5.O-O Nf6 6.d4 Be7 7.dxc5 Bxc5 8.a3 O-O
9.b4 Bb6 10.Bb2 Qe7 11.Nbd2 Bd7 12.Qb1 Rad8 13.e4 dxe4 14.Nxe4 e5 15.c5 Bc7  1/2-1/2

[Event "Teeside"]
[Site "Teeside"]
[Date "1975.??.??"]
[Round "3"]
[White "Kavalek, Lubomir"]
[Black "Hort, Vlastimil"]
[Result "1/2-1/2"]
[WhiteElo "2555"]
[BlackElo "2600"]

1.Nf3 d5 2.g3 Nf6 3.Bg2 g6 4.O-O Bg7 5.c4 O-O 6.cxd5 Nxd5 7.Nc3 Nxc3 8.bxc3 c5
9.Rb1 Nc6 10.c4 b6 11.d3 Bb7 12.Bb2 Bxb2 13.Rxb2 Nd4 14.Nxd4 Qxd4 15.Bxb7 Qxb2
16.Bxa8 Rxa8 17.a4 Rd8 18.Re1  1/2-1/2

[Event "Vilnius zt"]
[Site "Vilnius"]
[Date "1975.??.??"]
[Round "11"]
[White "Gulko, Boris F"]
[Black "Alburt, Lev O"]
[Result "1-0"]
[WhiteElo "2480"]
[BlackElo "2420"]

1.g3 d5 2.Nf3 c5 3.Bg2 Nc6 4.d4 e6 5.O-O cxd4 6.Nxd4 Bc5 7.Nb3 Bb6 8.c4 Nf6
9.cxd5 Nxd5 10.Na3 O-O 11.Nc4 Bc7 12.Ne3 Nf6 13.Qc2 Qe7 14.Rd1 Nb4 15.Qc5 Qxc5
16.Nxc5 Rb8 17.Bd2 Nfd5 18.Rac1 Rd8 19.Nxd5 Nxd5 20.e4 Nf6 21.Bf4  1-0

[Event "Hoogovens-B"]
[Site "Wijk aan Zee"]
[Date "1975.??.??"]
[Round "15"]
[White "Schmidt, Wlodzimierz"]
[Black "Ek, Hans"]
[Result "1/2-1/2"]
[WhiteElo "2465"]
[BlackElo "2345"]

1.Nf3 d5 2.g3 Nf6 3.Bg2 c6 4.O-O Bf5 5.b3 e6 6.Bb2 Nbd7 7.d3 Be7 8.Nbd2 h6
9.e3 O-O 10.Qe2 Bh7 11.e4 a5 12.a4 Qb6 13.e5 Ne8 14.Kh1 Qa6 15.Bh3 b5 16.Nh4 Nb6
17.f4 Nc7 18.f5 Bxh4 19.gxh4 exf5 20.Bxf5 Bxf5 21.Rxf5 Ne6 22.Rg1 Qb7 23.Qh5 Kh7
24.Rf6 gxf6 25.Ne4 dxe4 26.Qf5+ Kh8 27.Qxf6+ Kh7 28.Bc1 e3 29.Qf5+ Kh8 30.Qf6+  1/2-1/2

[Event "Rovinj/Zagreb"]
[Site "Zagreb"]
[Date "1975.??.??"]
[Round "12"]
[White "Keene, Raymond D"]
[Black "Nikolac, Juraj"]
[Result "0-1"]
[WhiteElo "2505"]
[BlackElo "2470"]

1.Nf3 d5 2.g3 g6 3.c4 d4 4.Bg2 Bg7 5.O-O Nc6 6.d3 e5 7.Na3 Nge7 8.Nc2 a5
9.Rb1 O-O 10.a3 a4 11.b4 axb3 12.Rxb3 h6 13.Nd2 Ra7 14.Nb4 Bd7 15.Nxc6 Bxc6
16.Bxc6 Nxc6 17.Nf3 Qe7 18.Rb5 Re8 19.e3 b6 20.e4 Nb8 21.Nh4 Nd7 22.Ng2 Kh7
23.f4 c6 24.Rb1 exf4 25.gxf4 Ra5 26.Bd2 Rh5 27.Bb4 Qe6 28.Be1 Qh3 29.Bg3 Nf6
30.f5 g5 31.Rf3 Nd7 32.f6 Bf8 33.Rf5 Kg6 34.Qf3 Re6 35.Rf1 Bd6 36.e5 Bxe5
37.Qe4 Qxh2+ 38.Bxh2 Bxh2+ 39.Kf2 Rxe4 40.dxe4 Nxf6 41.Ke1 Nxe4 42.Rxf7 Bg3+
43.Ke2 Rh2 44.Re7 Nc5 45.Kf3 Bd6 46.Re8 Rh3+ 47.Kf2 Rxa3 48.Rc8 Ne4+ 49.Kg1 Rh3
50.Rxc6 Kh5 51.Rd1 d3  0-1

[Event "Capablanca mem-B 13th"]
[Site "Cienfuegos"]
[Date "1976.05.27"]
[Round "11"]
[White "Rodriguez Cordoba, Jesus R"]
[Black "Remon, Adelquis"]
[Result "1/2-1/2"]
[WhiteElo "2385"]
[BlackElo "2200"]

1.Nf3 d5 2.g3 Nf6 3.Bg2 c6 4.b3 g6 5.Bb2 Bg7 6.O-O O-O 7.d3 Nbd7 8.Nbd2 Re8
9.Re1 e5 10.e4 d4 11.Nc4 Bf8 12.Rc1 b5 13.Ncd2 Nb6 14.c3 c5 15.Nf1 Bg4 16.h3 Bxf3
17.Qxf3 Qd6 18.Red1 Rac8 19.Nh2 Nbd7 20.Qe2 Qa6 21.Ba1 b4 22.c4 Qd6 23.Rc2 a5
24.Bb2 Bh6 25.Rf1 a4 26.h4 Qe6 27.Bf3 a3 28.Bc1 Bxc1 29.Rcxc1 h5 30.Kg2 Kg7
31.Qd2 Ng8 32.Rce1 Nh6 33.Bd1  1/2-1/2

[Event "Capablanca mem-A 13th"]
[Site "Cienfuegos"]
[Date "1976.06.01"]
[Round "16"]
[White "Garcia Gonzales, Guillermo"]
[Black "Lebredo, Gerardo"]
[Result "1/2-1/2"]
[WhiteElo "2475"]
[BlackElo "2355"]

1.Nf3 d5 2.g3 Nf6 3.Bg2 c6 4.O-O Bg4 5.d3 Nbd7 6.Nbd2 e6 7.h3 Bxf3 8.Nxf3 Be7
9.Re1 O-O 10.e4 dxe4 11.dxe4 Nc5 12.e5 Nfd7 13.Qd4  1/2-1/2

[Event "Agard"]
[Site "Agard"]
[Date "1976.??.??"]
[Round "4"]
[White "Spiridonov, Nikola"]
[Black "Petran, Pal"]
[Result "1-0"]
[WhiteElo "2490"]
[BlackElo "2415"]

1.g3 d5 2.Nf3 c6 3.Bg2 Nf6 4.b3 Bg4 5.Bb2 Nbd7 6.d3 e6 7.Nbd2 Be7 8.c4 O-O
9.O-O a5 10.a3 Bd6 11.h3 Bh5 12.Qc1 Qe7 13.Re1 e5 14.Nh4 Bg6 15.Nxg6 hxg6
16.Qc2 Rfe8 17.e4 d4 18.Nf3 Qd8 19.Bc1 Nh7 20.h4 Nc5 21.Bd2 a4 22.b4 Nb3
23.Rad1 c5 24.b5 Qc7 25.Bh3 Be7 26.Bc1 Rf8 27.Nd2 Nxc1 28.Rxc1 Qa5 29.Qd1 g5
30.h5 Nf6 31.Nf1 g6 32.Bg4 Kg7 33.Nh2 Rh8 34.hxg6 fxg6 35.Kg2 b6 36.Rh1 Rae8
37.Nf1 Rxh1 38.Kxh1 Rh8+ 39.Kg2 Qa8 40.Nh2 Rh6 41.Qf3 Qh8 42.Rh1 Qe8 43.Bh3 Rh8
44.Ng4 Nh7 45.Qd1 Qa8 46.Qd2 Qb7 47.Kg1 Qc7 48.Bf1 Qc8 49.Be2 Qd7 50.Kg2 Qc7
51.Qc1 Qa7 52.Rh6 Qc7 53.Qh1 Qd7 54.Qh3 Qa7 55.Bd1 Bd6 56.Nf6 Kxf6 57.Qf5+ Ke7
58.Rxg6  1-0

[Event "IBM"]
[Site "Amsterdam"]
[Date "1976.??.??"]
[Round "2"]
[White "Ree, Hans"]
[Black "Farago, Ivan"]
[Result "0-1"]
[WhiteElo "2420"]
[BlackElo "2420"]

1.Nf3 d5 2.g3 c6 3.Bg2 Bg4 4.b3 Nd7 5.Bb2 e6 6.d3 Ngf6 7.Nbd2 Be7 8.O-O O-O
9.h3 Bh5 10.e4 a5 11.a3 Qb6 12.Qe2 Ne8 13.Kh1 Nc7 14.g4 Bg6 15.Nh2 Rae8 16.f4 f6
17.Nhf3 f5 18.Ne5 Nxe5 19.Bxe5 fxe4 20.dxe4 Bf6 21.Bxf6 Rxf6 22.Qf2 Qxf2
23.Rxf2 dxe4 24.Nxe4 Bxe4 25.Bxe4 Ref8 26.f5 exf5 27.Rxf5 Rxf5 28.Bxf5 g6
29.Bd3 Nd5 30.Rd1 Rf3 31.Bc4 Rxh3+ 32.Kg2 Rc3 33.Bxd5+ cxd5 34.Rxd5 b6 35.Rb5 Rxc2+
36.Kf3 Rc6 37.Kf4 Kf7 38.g5 Ke6 39.Re5+ Kd6 40.Re3 Rc1 41.Rh3 a4 42.Rd3+ Kc6
43.bxa4 Rc4+ 44.Ke5 Rc5+ 45.Kf4 Rf5+ 46.Kg4 Rd5 47.Rc3+ Rc5 48.Re3 Rc4+ 49.Kg3 Rxa4
50.Rf3 Kb5 51.Rb3+ Ka5 52.Re3 b5 53.Rf3 Rc4 54.Rf7 Rc3+ 55.Kf4 Rxa3 56.Ra7+ Kb4
57.Rxh7 Ra6 58.Ke5 Kc5 59.Rh1 b4 60.Rc1+ Kb5 61.Kd4 b3 62.Rf1 Kb4 63.Rf6 Ra5
64.Rxg6  0-1

[Event "Banja Luka"]
[Site "Banja Luka"]
[Date "1976.??.??"]
[Round "2"]
[White "Vukic, Milan"]
[Black "Kurajica, Bojan"]
[Result "1-0"]
[WhiteElo "2510"]
[BlackElo "2525"]

1.Nf3 d5 2.g3 Nf6 3.Bg2 e6 4.c4 c6 5.Qc2 Be7 6.O-O O-O 7.d4 Nbd7 8.b3 b5
9.c5 Ne4 10.Bb2 f5 11.Ne1 g5 12.f3 Nef6 13.Nd3 a5 14.a3 Qe8 15.Nf2 Nh5 16.b4 a4
17.Nd2 Qg6 18.Rfe1 Bd8 19.e4 f4 20.g4 Ng7 21.Bf1 Bf6 22.Bd3 Qh6 23.Kg2 Rf7
24.Rh1 Nf8 25.e5 Bd8 26.Rag1 Ng6 27.Bxg6 Qxg6 28.Qxg6 hxg6 29.Bc1 Raa7 30.Nb1 Rf8
31.Nc3 Ne8 32.Ne2 Raf7 33.Nd3 Rh7 34.h4 gxh4 35.Ndxf4 g5 36.Nh3 Rg7 37.Rf1 Bd7
38.Rhg1 Nc7 39.Kh2 Kh7 40.Rg2 Be8 41.Rgf2 Rfg8 42.Neg1 Be7 43.Rg2 Kh8 44.Rff2 Bf7
45.Be3 Be8 46.Ne2 Bf7 47.Rg1 Be8 48.f4 gxf4 49.Rxf4 Kh7 50.Nc3 Rf7 51.Nd1 Rff8
52.Ndf2 Bg6 53.g5 Rxf4 54.Nxf4 Kg7 55.Ng4 Rh8 56.Nf6 Bd8 57.Bf2 Kf7 58.Rg4 Ne8
59.Rxh4 Rxh4+ 60.Bxh4 Ng7 61.Kh3 Nf5 62.Bf2 Ne7 63.Ng4 Bf5 64.Kg3 Bxg4 65.Kxg4 Ng6
66.Ng2 Kg7 67.Kh5 Be7 68.Be3 Bd8 69.Nf4 Nf8 70.Bf2 Be7 71.Bg3 Bd8 72.Ng2 Ng6
73.Ne3 Be7 74.Ng2 Bd8 75.Nf4 Nf8 76.Bf2 Be7 77.Be3 Bd8 78.g6 Be7 79.Nxd5 exd5
80.Bh6+ Kg8 81.Bxf8 Kxf8 82.Kg4 Kg7 83.Kf5 Bf8 84.Ke6 Bxc5 85.dxc5 d4 86.Kf5 d3
87.e6 d2 88.e7 d1=Q 89.e8=Q Qf3+ 90.Ke6 Qd5+ 91.Ke7 Kh6 92.Qf8+  1-0

[Event "Banja Luka"]
[Site "Banja Luka"]
[Date "1976.??.??"]
[Round "3"]
[White "Smejkal, Jan"]
[Black "Bagirov, Vladimir"]
[Result "1/2-1/2"]
[WhiteElo "2615"]
[BlackElo "2490"]

1.Nf3 d5 2.g3 Bg4 3.Bg2 Nd7 4.c4 c6 5.cxd5 cxd5 6.Qb3 Nc5 7.Qd1 e6 8.Ne5 Bh5
9.d4 Nd7 10.Nd3 Ngf6 11.Nc3 Rc8 12.O-O Be7 13.Nf4 Bg6 14.Nxg6 hxg6 15.Qd3 O-O  1/2-1/2

[Event "Banja Luka"]
[Site "Banja Luka"]
[Date "1976.??.??"]
[Round "13"]
[White "Vukic, Milan"]
[Black "Chekhov, Valery A"]
[Result "1-0"]
[WhiteElo "2510"]
[BlackElo "2530"]

1.Nf3 d5 2.g3 c6 3.Bg2 Nf6 4.b3 Bf5 5.Bb2 e6 6.O-O h6 7.d3 Be7 8.Nbd2 O-O
9.Qe1 Bh7 10.e4 a5 11.a4 c5 12.Ne5 Nfd7 13.Nxd7 Qxd7 14.exd5 exd5 15.Bxd5 Qxd5
16.Qxe7 Nc6 17.Qh4 Rfe8 18.Bc3 Nd4 19.Bxd4 cxd4 20.Rfe1 Bf5 21.Nc4 Rad8 22.h3 Kh7
23.g4 Bg6 24.Qg3 f6 25.Qg2 Qg5 26.Qxb7 f5 27.Qg2 fxg4 28.hxg4 Rxe1+ 29.Rxe1 Rf8
30.Qg3 Be8 31.Rf1 Rf4 32.f3 Bd7 33.Nd2 Bxg4 34.Rf2 h5 35.Rg2 h4 36.Rh2 Kg8
37.Rxh4 Rf7 38.Nf1 Rxf3 39.Qxg4 Qf6 40.Qc8+ Kf7 41.Qd7+ Kg6 42.Qe8+  1-0

[Event "Beersheba"]
[Site "Beersheba"]
[Date "1976.??.??"]
[Round "3"]
[White "Bleiman, Yaacov"]
[Black "Czerniak, Moshe"]
[Result "1-0"]
[WhiteElo "2440"]
[BlackElo "2385"]

1.Nf3 d5 2.g3 Nf6 3.Bg2 Bf5 4.O-O e6 5.d3 h6 6.Nbd2 Be7 7.b3 O-O 8.Bb2 Nbd7
9.Qe1 c6 10.e4 Bh7 11.Qe2 a5 12.a4 Ne8 13.Kh1 Bf6 14.e5 Be7 15.Nd4 Nc7 16.f4 c5
17.N4f3 Nb8 18.g4 Nc6 19.Rg1 Nb4 20.Nf1 c4 21.Rd1 cxd3 22.cxd3 Nca6 23.Ng3 Rc8
24.f5 Rc2 25.Rd2 Rxd2 26.Qxd2 Bg5 27.Qe2 Nc5 28.d4 Ncd3 29.Ba3 Nf4 30.Qb5 Nbd3
31.Rf1 Qc7 32.Bxf8 Qc2 33.Bh3 Nf2+ 34.Rxf2 Qxf2 35.Nxg5 hxg5 36.Bf1 Kxf8
37.Qc5+ Ke8 38.Qc8+ Ke7 39.Qc7+ Ke8 40.Bb5+  1-0

[Event "Tungsram"]
[Site "Budapest"]
[Date "1976.??.??"]
[Round "?"]
[White "Weinstein, Norman"]
[Black "Mednis, Edmar John"]
[Result "1/2-1/2"]
[WhiteElo "2430"]
[BlackElo "2435"]

1.Nf3 d5 2.g3 c6 3.Bg2 Bg4 4.b3 Nd7 5.Bb2 e6 6.c4 Ngf6 7.O-O Bd6 8.d3 Bxf3
9.Bxf3 O-O 10.Nd2 a5 11.a3 Qe7 12.Qc2 e5 13.Bg2 Rfe8 14.e4 dxe4 15.Nxe4 Nxe4
16.Bxe4 Nf8 17.Rfe1 g6 18.Bg2 Ne6 19.Re4 f6 20.d4 exd4 21.Qd2  1/2-1/2

[Event "Tungsram"]
[Site "Budapest"]
[Date "1976.??.??"]
[Round "?"]
[White "Vadasz, Laszlo"]
[Black "Haag, Ervin"]
[Result "1/2-1/2"]
[WhiteElo "2465"]
[BlackElo "2430"]

1.Nf3 d5 2.g3 c6 3.Bg2 Bg4 4.b3 Nf6 5.Bb2 e6 6.O-O Be7 7.c4 O-O 8.d3 a5 9.a3 Na6
10.Nbd2 Bh5 11.Rc1 Nd7 12.Rc2 f5 13.Nd4 Nc7 14.cxd5 exd5 15.Bh3 Bg6 16.Qc1 Bd6
17.N2f3 Bh5 18.Re1 f4 19.Nh4 Be5 20.Ndf3 Bxb2 21.Qxb2 fxg3 22.hxg3 Nf6 23.b4 axb4
24.Qxb4 Nb5 25.a4 Nd6 26.Nd4 Qa5 27.Rb1 Nfe8 28.Ne6 Rf6 29.Nc5 g5 30.Ng2 Qxb4
31.Rxb4 Bf7 32.Ne3 h5 33.Bd7 Ra7 34.g4 Rf4 35.Rxf4 gxf4 36.Nf5 hxg4 37.Nxd6 Nxd6
38.Bxg4 Ra5 39.Kg2 Be8 40.Kf3 Kf8  1/2-1/2

[Event "HUN-ch"]
[Site "Budapest"]
[Date "1976.??.??"]
[Round "3"]
[White "Vadasz, Laszlo"]
[Black "Farago, Ivan"]
[Result "0-1"]
[WhiteElo "2465"]
[BlackElo "2420"]

1.Nf3 d5 2.g3 c6 3.Bg2 Bg4 4.b3 Nf6 5.Bb2 e6 6.O-O Nbd7 7.d3 Be7 8.Nbd2 a5
9.a3 O-O 10.c4 Bd6 11.Re1 e5 12.h3 Bxf3 13.Bxf3 Qe7 14.cxd5 cxd5 15.Bg2 b5
16.e4 d4 17.Nf3 Rac8 18.h4 b4 19.a4 Rc3 20.Bh3 Nc5 21.Bxc3 bxc3 22.Rf1 Rb8
23.Rb1 Qb7 24.Qe2 Qa6 25.Rbd1 Rxb3 26.Nxd4 exd4 27.e5 Rb2 28.Qe1 c2 29.Rc1 Nxd3
30.Qe2 Nc5 31.Qe1 Nd3 32.Qe2 Nb4 33.Qe1 Bf8 34.exf6 Qxf6 35.Qd2 d3 36.Rfe1 Rb3
37.Re8 Rb1 38.Bf1 Qh6 39.f4 Qb6+ 40.Kh1 Rxc1  0-1

[Event "HUN-ch"]
[Site "Budapest"]
[Date "1976.??.??"]
[Round "13"]
[White "Vadasz, Laszlo"]
[Black "Horvath, Tamas"]
[Result "1/2-1/2"]
[WhiteElo "2465"]
[BlackElo "2400"]

1.Nf3 d5 2.g3 g6 3.Bg2 Bg7 4.c4 dxc4 5.Qa4+ Nc6 6.O-O Nh6 7.Qxc4 Nf5 8.Nc3 O-O
9.d3 h6 10.Bd2 e5 11.Rac1 Re8 12.Rfe1 Rb8 13.Na4 Be6 14.Qc2 Bd5 15.Bc3 Nfd4
16.Bxd4 exd4 17.Nc5 a5 18.a3 b6 19.Ne4 Re7 20.Nh4 Ne5 21.b4 axb4 22.axb4 f5
23.Nd2 Bf7 24.Nhf3 Nd7 25.Qxc7 Qe8 26.h4 Nc5 27.Qd6 Na4 28.Rc7 Rxc7 29.Qxc7 Nc3
30.Nc4 Nd5 31.Qa7 Ra8 32.Qb7 Rb8 33.Qa6 Ra8 34.Qb7  1/2-1/2

[Event "Dortmund"]
[Site "Dortmund"]
[Date "1976.??.??"]
[Round "7"]
[White "Miles, Anthony J"]
[Black "Nicolai, Werner"]
[Result "1-0"]
[WhiteElo "2510"]
[BlackElo "2200"]

1.Nf3 d5 2.g3 c6 3.Bg2 Nf6 4.b3 Bf5 5.Bb2 h6 6.d3 e6 7.Nbd2 Bc5 8.O-O O-O
9.Qe1 Qe7 10.e4 dxe4 11.dxe4 Bh7 12.a3 a5 13.e5 Nd5 14.Ne4 Nd7 15.Nfd2 Qd8
16.Nxc5 Nxc5 17.Rc1 Ne7 18.Qe2 Qc7 19.Nc4 Nf5 20.Rcd1 Rfd8 21.Nd6 Qe7 22.Rd2 Rd7
23.Rfd1 Rad8 24.Bc3 Nxd6 25.Bxa5 Nc8 26.Bxd8 Qxd8 27.b4 Bxc2 28.Rxd7 Nxd7
29.Qxc2 Qc7 30.Qd2 Ncb6 31.f4 Nd5 32.Qd4 Qb8 33.a4 Qa8 34.a5 g6 35.Ra1 Qf8
36.Bxd5 exd5 37.b5 cxb5 38.Qxd5  1-0

[Event "Dubna"]
[Site "Dubna"]
[Date "1976.??.??"]
[Round "?"]
[White "Miles, Anthony J"]
[Black "Kholmov, Ratmir D"]
[Result "1/2-1/2"]
[WhiteElo "2510"]
[BlackElo "2550"]

1.Nf3 d5 2.g3 c6 3.Bg2 Bg4 4.d3 Nf6 5.Nbd2 Nbd7 6.O-O g6 7.b3 Bg7 8.Bb2 O-O
9.h3 Bxf3 10.Bxf3 Re8 11.Bg2 Qc7 12.c4 Rad8 13.Qc2 Qb8 14.b4 dxc4 15.Nxc4 e5
16.a4 Rc8 17.Rab1 Nb6 18.Ba1 Nxc4 19.Qxc4 Qd6 20.Rfc1 Nd7 21.b5 Nb6 22.Qb3 cxb5
23.a5 Nd7 24.Qxb5 b6 25.axb6 Nxb6 26.Qa6 Qd7 27.Bb7 Rxc1+ 28.Rxc1 Rb8 29.Bc6 Qe7
30.Bb2 Nc4 31.Rxc4 Rxb2 32.Qc8+ Bf8 33.Bf3 Qd6 34.Rc7 e4 35.Bxe4 Rxe2 36.Rc2 Rxc2
37.Qxc2 Qd4 38.Qc4 Qxc4 39.dxc4 a5 40.Bc2 Bc5 41.Kf1 Kf8 42.Ke2 Ke7 43.f4 Kd6
44.Bb3 f6 45.g4 Bg1 46.Kd3 Kc5 47.f5 g5 48.Kc3 Bd4+ 49.Kd3 h6 50.Ba4 Be5
51.Be8 Kb4 52.c5 a4 53.Bf7 Kxc5 54.Bg8  1/2-1/2

[Event "North Sea"]
[Site "Esbjerg"]
[Date "1976.??.??"]
[Round "8"]
[White "Rath, Ulrik"]
[Black "Krantz, Kjell"]
[Result "1-0"]
[WhiteElo "2350"]
[BlackElo "2265"]

1.Nf3 d5 2.g3 Bg4 3.Bg2 Nd7 4.c4 e6 5.b3 Ngf6 6.Bb2 Be7 7.d3 O-O 8.O-O Bxf3
9.Bxf3 c6 10.Nd2 Bd6 11.Bg2 Qe7 12.a3 a5 13.Nf3 Rfc8 14.Qc2 b5 15.Rfc1 bxc4
16.bxc4 Rc7 17.Rcb1 e5 18.Bh3 e4 19.Nh4 Qd8 20.Nf5 Bf8 21.Bc1 exd3 22.exd3 dxc4
23.dxc4 Nc5 24.Bf4 Rd7 25.Bg2 Rc8 26.Rd1 Nd3 27.Bg5 h6 28.Be3 Nc5 29.Nd4 Qe8
30.Bh3 Ne6 31.Nxe6 fxe6 32.Rxd7 Qxd7 33.Qc3 a4 34.Bxh6 Re8 35.Be3 Qd6 36.Qc2 Qe5
37.Re1 Bxa3 38.Qxa4 Qc3 39.Rd1 c5 40.Bd2 Qf3 41.Re1 Qd3 42.Bg5 Bb4 43.Bxf6 Rf8
44.Bxe6+ Kh7 45.Rd1 Qe2 46.Bf5+ Kg8 47.Rd8 gxf6 48.Qd7 Rxd8 49.Be6+  1-0

[Event "DDR-ch 25th"]
[Site "Groeditz"]
[Date "1976.??.??"]
[Round "4"]
[White "Hesse, Peter"]
[Black "Dietze, Wolfgang"]
[Result "1-0"]
[WhiteElo "2385"]
[BlackElo "2275"]

1.Nf3 d5 2.g3 c5 3.Bg2 Nf6 4.d3 Nc6 5.O-O g6 6.Nc3 Bg7 7.e4 O-O 8.h3 d4 9.Ne2 e5
10.Nd2 Ne8 11.f4 Nd6 12.a4 f6 13.b3 b6 14.g4 Bh6 15.Nf3 Nf7 16.Bd2 Bd7 17.Qe1 Qe7
18.Qg3 Nb4 19.Rac1 Rac8 20.h4 exf4 21.Nxf4 Bxf4 22.Bxf4 Nc6 23.g5 fxg5 24.Nxg5 Nfe5
25.Rf2 Qg7 26.Rcf1 Ng4 27.e5 Nxf2 28.Bd5+ Kh8 29.e6 Rxf4 30.Qxf4 Bxe6 31.Bxe6 Re8
32.Rxf2 h6 33.Nf7+ Kh7 34.Bd5 Re1+ 35.Kh2 Ne7 36.Be4 Nf5 37.Bxf5 Qxf7 38.Be4 Qxf4+
39.Rxf4 Re2+ 40.Kg3 Rxc2 41.Rf7+ Kg8 42.Rxa7 g5 43.Rb7  1-0

[Event "DDR-ch 25th"]
[Site "Groeditz"]
[Date "1976.??.??"]
[Round "5"]
[White "Boensch, Uwe"]
[Black "Thormann, Wolfgang"]
[Result "1-0"]
[WhiteElo "2265"]
[BlackElo "2250"]

1.Nf3 d5 2.g3 c6 3.Bg2 Bg4 4.b3 Nd7 5.Bb2 Ngf6 6.O-O e6 7.d3 Bd6 8.Nbd2 O-O
9.e4 Ne5 10.h3 Bxf3 11.Nxf3 Nxf3+ 12.Qxf3 dxe4 13.dxe4 e5 14.Rad1 Qe7 15.Qf5 h6
16.Rd3 Rfe8 17.Rfd1 Bc5 18.Kh2 Bb6 19.f4 exf4 20.e5 Nd5 21.Bxd5 cxd5 22.gxf4 g6
23.Qg4 Qc5 24.R1d2 Rad8 25.Rg2 Kh7 26.f5 Rg8 27.e6 d4 28.exf7 Qc7+ 29.Rdg3  1-0

[Event "DDR-ch 25th"]
[Site "Groeditz"]
[Date "1976.??.??"]
[Round "9"]
[White "Boensch, Uwe"]
[Black "Baumbach, Friedrich"]
[Result "1/2-1/2"]
[WhiteElo "2265"]
[BlackElo "2370"]

1.Nf3 d5 2.g3 g6 3.Bg2 Bg7 4.O-O e5 5.c4 c6 6.cxd5 cxd5 7.d3 Ne7 8.Nc3 O-O
9.Bd2 Nbc6 10.Rc1 h6 11.Na4 Qd6 12.a3 Bf5 13.b4 Nd8 14.Qb3 Ne6 15.b5 e4 16.Bb4 Qd7
17.Nh4 Nd4 18.Qa2 exd3 19.Nxf5 Nxe2+ 20.Qxe2 dxe2 21.Nxe7+ Kh7 22.Rfe1 d4
23.Nd5 Qxb5 24.Nc5 Rac8 25.a4 Qe8 26.Bf3 b6 27.Ne4 Qxa4 28.Bxf8 Rxf8 29.Bxe2 Rd8
30.Nf4 a5 31.Rb1 Qc6 32.Bb5 Qc2 33.Nd3 Rd5 34.Rbc1 Qxc1 35.Rxc1 Rxb5 36.Nd2 a4
37.Ra1 Ra5 38.Nc4 Ra6 39.Nb4 Ra7 40.Nxb6 d3 41.Rd1 a3 42.Na2 Rc7 43.Rxd3 Rc2
44.Rxa3 Bd4 45.Nd5 Rxf2 46.Kh1 g5 47.Ra4 Rf1+ 48.Kg2 Rf2+ 49.Kh1 Rf1+ 50.Kg2 Rf2+
51.Kh1  1/2-1/2

[Event "DDR-ch 25th"]
[Site "Groeditz"]
[Date "1976.??.??"]
[Round "15"]
[White "Boensch, Uwe"]
[Black "Moehring, Guenther"]
[Result "0-1"]
[WhiteElo "2265"]
[BlackElo "2350"]

1.Nf3 d5 2.g3 c5 3.c4 Nf6 4.Bg2 e6 5.O-O Nc6 6.cxd5 Nxd5 7.Nc3 Be7 8.Nxd5 exd5
9.d4 O-O 10.dxc5 Bxc5 11.b3 Bf5 12.Bb2 Re8 13.Rc1 Bb6 14.Qd2 Be4 15.Qf4 Qe7
16.Rfd1 Rad8 17.e3 f6 18.Nd4 Bxd4 19.exd4 Bxg2 20.Kxg2 Qe2 21.Rd2 Qa6 22.Bc3 Re4
23.Qf5 Ne7 24.Qf3 Rc8 25.Rdc2 Qe6 26.Qd3 h5 27.Qf3 h4 28.Qh5 g6 29.Qh6 Qf7
30.Bd2 Rxc2 31.Rxc2 Nf5 32.Rc8+ Re8 33.Rxe8+ Qxe8 34.Qf4 hxg3 35.hxg3 Qe4+
36.Qxe4 dxe4 37.Bc3 Ne7 38.f3 Nd5 39.Bd2 exf3+ 40.Kxf3 Kf7 41.Ke4 Ke6 42.g4 Kd6
43.a4 Ke6 44.Be1 f5+ 45.gxf5+ gxf5+ 46.Kf3 Ne7 47.Ke3 Kd5 48.Bf2 Nc6 49.Kd3 f4
50.Bg1 Nd8 51.Ke2 Ne6 52.Kd3 a6 53.Bf2 Ng5 54.Bg1 Nh3 55.Bh2 a5 56.Kc3 f3
57.Kd3 f2 58.Ke2 Kxd4 59.Bc7 Kc3 60.Bxa5+ Kxb3  0-1

[Event "DSV-Turnier"]
[Site "Halle"]
[Date "1976.??.??"]
[Round "?"]
[White "Schmidt, Wlodzimierz"]
[Black "Spiridonov, Nikola"]
[Result "1-0"]
[WhiteElo "2485"]
[BlackElo "2490"]

1.Nf3 d5 2.g3 c6 3.Bg2 Bg4 4.b3 e6 5.Bb2 Nd7 6.O-O Ngf6 7.c4 Bd6 8.d3 O-O
9.Nbd2 a5 10.a3 Qe7 11.Qc2 e5 12.e4 d4 13.h3 Bxf3 14.Nxf3 b5 15.Rfe1 Ne8
16.cxb5 cxb5 17.Nxd4 exd4 18.e5 Ra7 19.exd6 Qxd6 20.Qc6 Ra6 21.Qxb5 Nc7 22.Qc4 Ne5
23.Qxd4 Qxd4 24.Bxd4 Nxd3 25.Red1 Rd8 26.Be5 Ne6 27.Bf1 Nec5 28.b4 axb4 29.axb4 Rxa1
30.Bxa1  1-0